000 00280nam a2200121Ia 4500
008 231129s9999||||xx |||||||||||||| ||spa||
040 _bspa
082 _aM864 C263
100 _aCarballo Emmanuel
245 0 _aNarrativa mexicana de hoy
264 _aAlianza
942 _2ddc
_cBKS
999 _c21604
_d21604